MARC details
| 000 -CABECERA |
| campo de control de longitud fija |
01272cas a2200265 a 4500 |
| 005 - FECHA Y HORA DE LA ÚLTIMA TRANSACCIÓN |
| campo de control |
20251028172019.0 |
| 006 - ELEMENTOS DE LONGITUD FIJA – CARACTERÍSTICAS DE MATERIALES ADICIONALES – INFORMACIÓN GENERAL |
| campo de control de longitud fija |
s|||||o|||| 00| 0 |
| 008 - ELEMENTOS DE LONGITUD FIJA--INFORMACIÓN GENERAL |
| campo de control de longitud fija |
991125c2001 sp ar p|o 000 0 spa d |
| 022 ## - NÚMERO INTERNACIONAL NORMALIZADO PARA PUBLICACIONES SERIADAS |
| Número Internacional Normalizado para Publicaciones Seriadas |
2340-2725 e |
| 035 ## - NÚMERO DE CONTROL DEL SISTEMA |
| Número de control de sistema |
UPN01000197693 |
| 040 ## - FUENTE DE LA CATALOGACIÓN |
| Centro catalogador/agencia de origen |
MX-MxUPN |
| Lengua de catalogación |
spa |
| Centro/agencia transcriptor |
MX-MxUPN |
| Normas de descripción |
aacr2 |
| 049 ## - COLECCIÓN |
| Colección |
REV-E |
| 245 00 - MENCIÓN DE TÍTULO |
| Título |
Docencia e investigación : |
| Resto del título |
revista de la escuela universitaria de magisterio de Toledo |
| Medio |
[recurso electrónico en línea] |
| 260 ## - PUBLICACIÓN, DISTRIBUCIÓN, ETC. |
| Lugar de publicación, distribución, etc. |
España : |
| Nombre del editor, distribuidor, etc. |
Universidad de Castilla-La Mancha, Facultad de Educación de Toledo, |
| Fecha de publicación, distribución, etc. |
2001- |
| 310 ## - FRECUENCIA ACTUAL DE LA PUBLICACION |
| Periodicidad actual |
Anual |
| 506 0# - NOTA DE RESTRICCIONES AL ACCESO |
| Limitaciones de acceso |
Acceso abierto |
| 510 0# - NOTA DE CITAS O REFERENCIAS BIBLIOGRÁFICAS |
| Nombre de la fuente |
Dialnet, BNE, Dice, Doaj, Iresie, Latindex, Miar, Rebiun, Rehs, In-Recs, Iedcyt y Magistri et Scholares |
| 520 1# - NOTA DE RESUMEN, ETC. |
| Sumario, etc. |
"Esta revista en soporte digital pretende ser un foro de intercambio de experiencias, ideas e inquietudes de profesionales comprometidos con la educación del tercer milenio desde sus diferentes orientaciones, en el que se rompen las barreras espaciales y temporales desde las que poder participar". |
| Fuente proveedora |
Docencia e investigación. |
| 650 #4 - ASIENTO SECUNDARIO DE MATERIA - TERMINO TEMATICO |
| Término de materia o nombre geográfico como elemento de entrada |
Educación |
| Subdivisión general |
Investigación |
| 9 (RLIN) |
4070 |
| 653 0# - TERMINO DE INDIZACION - NO CONTROLADO |
| Término no controlado |
Docencia |
| 856 40 - LOCALIZACIÓN Y ACCESO ELECTRÓNICOS |
| Identificador Uniforme del Recurso |
<a href="https://revista.uclm.es/index.php/rdi">https://revista.uclm.es/index.php/rdi</a> |
| 902 ## - ELEMENTOS DE DATOS B LOCAL, LDB (RLIN) |
| Creó |
Gloria Jiménez/091025 |
| 905 ## - TIPO DE MATERIAL |
| Tipo de material |
Revista |
| 942 ## - ELEMENTOS DE PUNTO DE ACCESO ADICIONAL (KOHA) |
| Tipo de ítem Koha |
Revista Electrónica |